Xác định mối quan hệ giữa tác giả với chủ sở hữu quyền tác giả theo pháp luật dân sự Việt Nam /

Đã lưu trong:
Sonraí Bibleagrafaíochta
Príomhúdar: Vũ THị Hồng Yến, ThS.
Formáid: Bài viết
Teanga:Vietnamese
Ábhair:
Clibeanna: Cuir Clib Leis
Gan Chlibeanna, Bí ar an gcéad duine leis an taifead seo a chlibeáil!
Thư viện lưu trữ: Thư viện Trường Đại học Đà Lạt
LEADER 00876nam a2200289 4500
001 DLU090076878
005 ##20090619
040 # # |a DLU  |b vie 
041 # # |a vie 
044 # # |a vn 
100 # # |a Vũ THị Hồng Yến,  |c ThS. 
245 # # |a Xác định mối quan hệ giữa tác giả với chủ sở hữu quyền tác giả theo pháp luật dân sự Việt Nam /  |c Vũ THị Hồng Yến. 
653 # # |a Luật dân sự 
653 # # |a Quan hệ 
653 # # |a Quyền tác giả 
653 # # |a Sở hữu 
653 # # |a Tác giả 
773 # # |t Luật học  |g Số 5, 2006, tr. 71-76 
920 # # |a Phòng Tạp chí -- Trung tâm Thông tin - Thư viện Trường Đại học Đà Lạt 
994 # # |a DLU 
900 # # |a True 
911 # # |a Nguyễn Thị Mai Anh 
925 # # |a G 
926 # # |a A 
927 # # |a BB 
980 # # |a Thư viện Trường Đại học Đà Lạt